The Indian struggle, 1920-1942. (Record no. 59028)
[ view plain ]
| 000 -LEADER | |
|---|---|
| fixed length control field | 00963cam a22002651 4500 |
| 001 - CONTROL NUMBER | |
| control field | sa 64005232 |
| 003 - CONTROL NUMBER IDENTIFIER | |
| control field | DLC |
| 005 - DATE AND TIME OF LATEST TRANSACTION | |
| control field | 20260227112031.0 |
| 008 - FIXED-LENGTH DATA ELEMENTS--GENERAL INFORMATION | |
| fixed length control field | 720216s1964 xx 000 0 eng |
| 010 ## - LIBRARY OF CONGRESS CONTROL NUMBER | |
| LC control number | sa 64005232 |
| 015 ## - NATIONAL BIBLIOGRAPHY NUMBER | |
| National bibliography number | GB64-17813 |
| 035 ## - SYSTEM CONTROL NUMBER | |
| System control number | (OCoLC)243497 |
| 040 ## - CATALOGING SOURCE | |
| Original cataloging agency | DLC |
| Transcribing agency | OWoC |
| Modifying agency | Uk |
| -- | DLC |
| 042 ## - AUTHENTICATION CODE | |
| Authentication code | premarc |
| 050 00 - LIBRARY OF CONGRESS CALL NUMBER | |
| Classification number | DS480.45 |
| Item number | .B6 1964 |
| 051 ## - LIBRARY OF CONGRESS COPY, ISSUE, OFFPRINT STATEMENT | |
| Classification number | DS480.45 |
| Item number | .B6 1964a |
| Copy information | Another issue. |
| 082 ## - DEWEY DECIMAL CLASSIFICATION NUMBER | |
| Classification number | 954.035 |
| 100 1# - MAIN ENTRY--PERSONAL NAME | |
| Personal name | Bose, Subhas Chandra, |
| Dates associated with a name | 1897-1945. |
| 245 14 - TITLE STATEMENT | |
| Title | The Indian struggle, 1920-1942. |
| Statement of responsibility, etc. | Compiled by the Netaji Research Bureau, Calcutta. |
| 260 ## - PUBLICATION, DISTRIBUTION, ETC. | |
| Place of publication, distribution, etc. | Bombay, |
| -- | New York, |
| Name of publisher, distributor, etc. | Asia Pub. House |
| Date of publication, distribution, etc. | [1964] |
| 300 ## - PHYSICAL DESCRIPTION | |
| Extent | xii, 476 p. |
| Other physical details | illus., facsims., port. |
| Dimensions | 23 cm. |
| 500 ## - GENERAL NOTE | |
| General note | Supplemented by : Another issue. (xii, 476 p. : illus., facsims., port. ; 23 cm.) published : New York, 1964. Call number : DS480.45 .B6 1964a. |
| 651 #0 - SUBJECT ADDED ENTRY--GEOGRAPHIC NAME | |
| Geographic name | India |
| General subdivision | Politics and government |
| Chronological subdivision | 1919-1947. |
| 710 2# - ADDED ENTRY--CORPORATE NAME | |
| Corporate name or jurisdiction name as entry element | Netaji Research Bureau. |
No items available.